Fast Typing - Countries - Statistics

General Stats
  • This quiz has been taken 927 times
  • The average score is 21 of 30
Answer Stats
Hint Answer % Correct
Afghanistan Afghanistan
94%
Colombia Colombia
92%
Azerbaijan Azerbaijan
91%
Bangladesh Bangladesh
91%
Botswana Botswana
91%
Guatemala Guatemala
88%
Djibouti Djibouti
87%
Burkina Faso Burkina Faso
86%
El Salvador El Salvador
86%
Kazakhstan Kazakhstan
84%
Czech Republic Czech Republic
82%
Luxembourg Luxembourg
77%
Madagascar Madagascar
76%
Kyrgyzstan Kyrgyzstan
73%
Liechtenstein Liechtenstein
73%
Mauritania Mauritania
71%
Montenegro Montenegro
70%
New Zealand New Zealand
67%
Mozambique Mozambique
64%
Saudi Arabia Saudi Arabia
64%
Philippines Philippines
62%
Slovakia Slovakia
61%
Seychelles Seychelles
58%
Switzerland Switzerland
53%
Tanzania Tanzania
52%
Tajikistan Tajikistan
46%
Uzbekistan Uzbekistan
44%
Venezuela Venezuela
44%
Turkmenistan Turkmenistan
42%
Zimbabwe Zimbabwe
40%
No matching quizzes found
Score Distribution
Percent of People with Each Score
Percentile by Number Answered
Your Score History
You have not taken this quiz